000 00514nam a2200193Ia 4500
003 OSt
005 20251114190528.0
008 210423s2010 xx 000 0 und d
040 _cAL
041 _aEnglish
082 _a370.15
_bMANE
100 _aMangal S K
_9120007
245 _aEssentials of educational psychology
260 _aNew Delhi
_bPHI Learning Pvt Ltd
_c2010
300 _a726p.
_bPB
_c23.5x17.5cm.
365 _b350
_cINR
906 _aeducational ; Essentials ; psychology.
942 _2ddc
_cBK
999 _c175761
_d175761